|
|
|
|
| LEADER |
00000cas a2200000 a 4500 |
| 001 |
vtls008163262 |
| 003 |
SK-MaSNL |
| 005 |
20260228163532.0 |
| 008 |
191016d19982014xo qr|p 0 b0slo |
| 022 |
|
|
|a 1338-9920
|
| 040 |
|
|
|a SNK
|b slo
|c SNK
|e AACR2
|
| 041 |
0 |
|
|a slo
|
| 043 |
|
|
|a e-xo---
|
| 044 |
|
|
|a xo
|c SK
|
| 072 |
|
7 |
|a 352/354
|x Stupne miestnej, oblastnej a ústrednej správy
|2 konspekt
|
| 072 |
|
7 |
|a 316.7
|x Sociológia kultúry. Kultúrny život
|2 konspekt
|
| 072 |
|
7 |
|a 394
|x Verejný a spoločenský život. Každodenný život
|2 konspekt
|
| 080 |
|
|
|a 353.9
|2 2011
|
| 080 |
|
|
|a 316.728
|2 2011
|
| 080 |
|
|
|a 394
|2 2011
|
| 080 |
|
|
|a (437.641)
|2 2011
|
| 080 |
|
|
|a 050
|2 2011
|
| 080 |
|
|
|a (051)+(054)
|2 2011
|
| 210 |
0 |
|
|a Lutilský prameň
|
| 222 |
|
0 |
|a Lutilský prameň
|
| 245 |
0 |
0 |
|a Lutilský prameň
|b noviny obce Lutila
|
| 260 |
|
|
|a Lutila
|b Obecný úrad
|c 1998-2014
|
| 300 |
|
|
|a 17 zv.
|c 31 cm
|
| 310 |
|
|
|a 4x ročne
|
| 500 |
|
|
|a Popis podľa: Č. 3 (2002)
|
| 500 |
|
|
|a Registračné č.: SK OMT OÚ 01/01 ; EV 3079/09
|
| 500 |
|
|
|a Šéfredaktor: Štefan Pomothy
|
| 515 |
|
|
|a Č. 1-2/2006 majú chybne označený roč. 8, má byť roč. 9
|
| 650 |
0 |
7 |
|a územná samospráva
|2 SNKPH
|9 802
|
| 650 |
0 |
7 |
|a každodenný život
|2 SNKPH
|9 4946
|
| 651 |
|
7 |
|a Lutila (Slovensko)
|2 SNKPHgeo
|9 105220
|
| 655 |
|
7 |
|a miestne periodiká
|2 SNKPH
|9 160938
|
| 700 |
1 |
|
|a Pomothy, Štefan
|4 pbd
|9 274221
|
| 856 |
4 |
1 |
|u https://www.lutila.sk/aktualne/noviny/noviny-rok-2004-2006-2014/
|
| 910 |
|
|
|a snk
|
| 999 |
|
|
|c 9770
|d 11700
|
| 952 |
|
|
|0 0
|1 0
|3 Spoločne zviazané r. 2002-2010
|4 0
|7 0
|8 0
|a SNK
|b SNK
|d 2019-10-16
|i snk2019/26207
|l 0
|o snkČSB 7313/2002
|p 17A1384293
|r 2026-02-21 22:00:22
|t č. 1-4, neúplné
|w 2026-02-21
|y PREZ
|z Chýba č. 1,2. ; Spoločne zviazané r. 2002-2010
|
| 952 |
|
|
|0 0
|1 0
|3 Spoločne zviazané r. 2002-2010
|4 0
|7 0
|8 0
|a SNK
|b SNK
|d 2019-10-16
|i snk2019/26207
|l 0
|o snkČSB 7313/2003
|p 17A1384294
|r 2026-02-21 22:00:22
|t č. 1-4
|w 2026-02-21
|y PREZ
|z Spoločne zviazané r. 2002-2010
|
| 952 |
|
|
|0 0
|1 0
|3 Spoločne zviazané r. 2002-2010
|4 0
|7 0
|8 0
|a SNK
|b SNK
|d 2019-10-16
|i snk2019/26207
|l 0
|o snkČSB 7313/7/2004
|p 17A1384295
|r 2026-02-21 22:00:22
|t č. 1-4
|w 2026-02-21
|y PREZ
|z Spoločne zviazané r. 2002-2010
|
| 952 |
|
|
|0 0
|1 0
|3 Spoločne zviazané r. 2002-2010
|4 0
|7 0
|8 0
|a SNK
|b SNK
|d 2019-10-16
|i snk2019/26207
|l 0
|o snkČSB 7313/8/2005
|p 17A1384296
|r 2026-02-21 22:00:22
|t č. 1-4
|w 2026-02-21
|y PREZ
|z Spoločne zviazané r. 2002-2010
|
| 952 |
|
|
|0 0
|1 0
|3 Spoločne zviazané r. 2002-2010
|4 0
|7 0
|8 0
|a SNK
|b SNK
|d 2019-10-16
|i snk2019/26207
|l 0
|o snkČSB 7313/9/2006
|p 17A1384297
|r 2026-02-21 22:00:22
|t č. 1-5
|w 2026-02-21
|y PREZ
|z Spoločne zviazané r. 2002-2010
|
| 952 |
|
|
|0 0
|1 0
|3 Spoločne zviazané r. 2002-2010
|4 0
|7 0
|8 0
|a SNK
|b SNK
|d 2019-10-16
|i snk2019/26207
|l 0
|o snkČSB 7313/10/2007
|p 17A1384298
|r 2026-02-21 22:00:22
|t č. 1-4
|w 2026-02-21
|y PREZ
|z Spoločne zviazané r. 2002-2010
|
| 952 |
|
|
|0 0
|1 0
|3 Spoločne zviazané r. 2002-2010
|4 0
|7 0
|8 0
|a SNK
|b SNK
|d 2019-10-16
|i snk2019/26207
|l 0
|o snkČSB 7313/11/2008
|p 17A1384299
|r 2026-02-21 22:00:22
|t č. 1-4
|w 2026-02-21
|y PREZ
|z Spoločne zviazané r. 2002-2010
|
| 952 |
|
|
|0 0
|1 0
|3 Spoločne zviazané r. 2002-2010
|4 0
|7 0
|8 0
|a SNK
|b SNK
|d 2019-10-16
|i snk2019/26207
|l 0
|o snkČSB 7313/12/2009
|p 17A1384300
|r 2026-02-21 22:00:22
|t č. 1-2
|w 2026-02-21
|y PREZ
|z Spoločne zviazané r. 2002-2010
|
| 952 |
|
|
|0 0
|1 0
|3 Spoločne zviazané r. 2002-2010
|4 0
|7 0
|8 0
|a SNK
|b SNK
|d 2019-10-16
|i snk2019/26207
|l 0
|o snkČSB 7313/13/2010
|p 17A1384301
|r 2026-02-21 22:00:22
|t č. 1-3
|w 2026-02-21
|y PREZ
|z Spoločne zviazané r. 2002-2010
|
| 952 |
|
|
|0 0
|1 0
|3 Spoločne zviazané r. 2011-2014
|4 0
|7 0
|8 0
|a SNK
|b SNK
|d 2019-10-16
|i snk2019/26207
|l 0
|o snkČSB 7313/14/2011
|p 17A1384302
|r 2026-02-21 22:00:22
|t č. 1-4
|w 2026-02-21
|y PREZ
|z Spoločne zviazané r. 2011-2014
|
| 952 |
|
|
|0 0
|1 0
|3 Spoločne zviazané r. 2011-2014
|4 0
|7 0
|8 0
|a SNK
|b SNK
|d 2019-10-16
|i snk2019/26207
|l 0
|o snkČSB 7313/15/2012
|p 17A1384303
|r 2026-02-21 22:00:22
|t č. 1-3
|w 2026-02-21
|y PREZ
|z Spoločne zviazané r. 2011-2014
|
| 952 |
|
|
|0 0
|1 0
|3 Spoločne zviazané r. 2011-2014
|4 0
|7 0
|8 0
|a SNK
|b SNK
|d 2019-10-16
|i snk2019/26207
|l 0
|o snkČSB 7313/16/2013
|p 17A1384304
|r 2026-02-21 22:00:23
|t č. 1-3
|w 2026-02-21
|y PREZ
|z Spoločne zviazané r. 2011-2014
|
| 952 |
|
|
|0 0
|1 0
|3 Spoločne zviazané r. 2011-2014
|4 0
|7 0
|8 0
|a SNK
|b SNK
|d 2019-10-16
|i snk2019/26207
|l 0
|o snkČSB 7313/17/2014
|p 17A1384305
|r 2026-02-21 22:00:23
|t č. 1-3
|w 2026-02-21
|y PREZ
|z Spoločne zviazané r. 2011-2014
|